Teoría de sistemas ópticos

Bibliographic Details
Main Authors: Begunov, B.N, Zakaznov, N.P
Format: Section = Libro
Language:Undetermined
Spanish
Published: Moscú Mir Moscú 1976
Subjects:
LEADER 00471nam a2200193Ia 4500
008 240829s9999 xx 000 0 und d
040 |a BIBLIOTECA-RUSB/ 535 B418 
041 |a spa 
082 |a 535 B418 
100 1 |a Begunov, B.N  
100 1 |b Zakaznov, N.P 
245 1 0 |a Teoría de sistemas ópticos 
260 |a Moscú  |b Mir Moscú  |c 1976 
300 |a 453 p. :il. 
650 7 |a OPTICA 
650 7 |b  ABSORCION DE LA LUZ 
942 |c BK  |2 ddc 
991 |a TEXTO 
999 |c 2093